Ursidae - Liste des espèces - Statistiques

Statistiques générales
  • Ce quiz a été pris 25 fois
  • Le résultat moyen est 6 sur 8
Statistiques - réponses
Par images Hint Réponse % Correct
Ailuropoda melanoleuca Panda géant
100%
Ursus maritimus Ours blanc
96%
Ursus arctos Ours brun
88%
Ursus americanus Ours noir
79%
Tremarctos ornatus Ours à lunettes
71%
Ursus thibetanus Ours à collier
54%
Helarctos malayanus Ours malais
54%
Melursus ursinus Ours lippu
33%
Aucun quiz correspondant
Distribution des résultats
% des personnes avec chaque résultat
Percentile par nombre de réponses
Votre historique - résultats
Vous n’avez pas pris ce quiz